[Event "IECC M email"]
[Site "IECC email"]
[Date "2000.02.08"]
[Round "?"]
[White "Badenhorst, Jack D"]
[Black "Partlett, Tim"]
[Result "0-1"]
[WhiteElo "1064"]
[BlackElo "1000"]
[PlyCount "60"]
[EventDate "2000.??.??"]
[EventType "tourn (corr)"]
[EventRounds "2"]
[SourceTitle "Corr 2008"]
[Source "ChessBase"]
[SourceDate "2008.06.24"]
[SourceVersion "1"]
[SourceVersionDate "2008.06.24"]
[SourceQuality "1"]

1. e4 e6 2. d4 d5 3. Nd2 dxe4 4. Nxe4 f5 5. Bg5 Be7 6. Bxe7 Nxe7 7. Nc3 Nbc6 8. Nf3 0-0 9. Bc4 Nd5 10. 0-0 b6 11. Ne5 Nxe5 12. Bxd5 exd5 13. dxe5 Bb7 14. Qd3 d4 15. Ne2 Qd5 16. f3 Rad8 17. Rae1 Qxe5 18. Ng3 Qc5 19. Nh5 f4 20. Re6 Qxh5 21. Rfe1 g6 22. Qc4 Bd5 23. Qxc7 Bxe6 24. Rxe6 Qc5 25. Rc6 Qa5 26. Qe7 Rde8 27. Qh4 Qe1+ 28. Qxe1 Rxe1+ 29. Kf2 Rfe8 30. Rc7 R8e2# 0-1